| 000 | 00779cam a2200229 4500 | ||
|---|---|---|---|
| 001 | WB3716-05 | ||
| 008 | 000000n2001 000 0 eng u | ||
| 035 | _a(Sirsi) u112146 | ||
| 245 | _aGlasgow's 20-year vision | ||
| 260 | _c2001 | ||
| 490 |
_aHerald _v20 April 2001, 10(2) |
||
| 520 | _aGlasgow city council has launched a visionary draft development plan for Glasgow over the next 20 years. Key objectives include stopping the population fall, regenerating the river Clyde area, and boosting industry and private housing. | ||
| 590 | _aWB | ||
| 650 | _aGLASGOW | ||
| 650 | _aURBAN REGENERATION | ||
| 650 | _aDEVELOPMENT PLAN | ||
| 650 | _aDEPRIVED AREAS | ||
| 650 | _aHOUSING | ||
| 650 | _aPOPULATION | ||
| 690 | _aPROPERTY-PROPERTY DEVELOPMENT | ||
| 942 | _n0 | ||
| 999 |
_c66789 _d66789 |
||